Εργατικό δίκαιο : Ατομικό, συλλογικό, Ευρωπαϊκό

Saved in:
Bibliographic Details
Main Author: Ευθυμιάτου-Πουλάκου, Αντωνία
Format: Book
Language:Greek
Published: Αθήνα : Αντ. Ν. Σακκουλά, c2007
Edition:5η έκδ.
Subjects:
Tags: Add Tag
No Tags, Be the first to tag this record!

MARC

LEADER 00000nam a2200000 i 4500
001 1/76493
008 080229s2007 gre d
020 |a 978-960-15-1764-3 
035 |l 10095197 
040 |a GR-MY-UA  |b gre  |e aacr 
041 0 |a gre 
082 0 |a 344.49501  |2 (22) 
100 1 |a Ευθυμιάτου-Πουλάκου, Αντωνία. 
245 1 0 |a Εργατικό δίκαιο :  |b Ατομικό, συλλογικό, Ευρωπαϊκό /  |c Αντωνία Πουλάκου-Ευθυμιάτου 
250 |a 5η έκδ. 
260 |a Αθήνα :   |b Αντ. Ν. Σακκουλά,   |c c2007 
300 |a 523 σ.;  |c 24 εκ. 
504 |a Βιβλιογραφία : σ. 485-501. 
650 0 0 |a Labor laws and legislation  |z Greece. 
852 |a INST  |b CHIOS  |e 20080303  |h 344.49501 EYΘ  |p 005200027699  |q 005200027699  |t BK  |y 0 
901 |a BIBL2-2008-1 
909 |a Χ  |b 145981 
922 |a 2ΕΛΗ  |b 200802  |c ΕΠΕΑΕΚ2/ΤΔΕ  |d Σ. ΠΑΤΑΚΗΣ 
970 |a ΒΑΡΦΗΣ  |b ΒΑΓΓΕΛΗΣ  |z 2008/02/29